Estafas y otras defraudaciones /

Guardado en:
Autor Principal: Buompadre, Jorge E.
Formato: Libro
Idioma:Spanish
Publicado: Buenos Aires : Lexis Nexis, 2005.
Edición:1a. ed.
Materias:
Etiquetas: Agregar Etiqueta
Sin Etiquetas, Sea el primero en etiquetar este registro!
LEADER 00451nam a22001575a 4500
001 DER.der003717
008 180615s2005####ag#||||||||||||||#||spa||
005 20250714175118.0
245 1 0 |a Estafas y otras defraudaciones /  |c Jorge E. Buompadre 
250 |a 1a. ed. 
260 |a Buenos Aires :  |b Lexis Nexis,  |c 2005. 
300 |a 252 p. 
020 |a 9875920134 
100 1 |a Buompadre, Jorge E. 
650 7 |a DERECHO PENAL 
859 |a DERECHO  |b BIB. DERECHO  |h 345  |i BUO  |p 005299